| 000 | 00384nam a2200145Ia 4500 | ||
|---|---|---|---|
| 001 | 64476 | ||
| 008 | 210323n ii |||gr||||Z||||||465 | ||
| 020 | _a9788131609781 | ||
| 082 | _a578.09 | ||
| 100 |
_aAgrawal, L.C., _eAuthor., |
||
| 245 | 0 |
_aBiogeography _cL.C. Agrawal _hTextual Documents |
|
| 260 |
_aJaipur: _bRawat Publications, _c2018. |
||
| 300 | _axiv, 309 p. | ||
| 942 |
_2ddc _cBK |
||
| 999 |
_c65576 _d65576 |
||